MARC

LEADER 00000nam a2200000Ia 4500
001 8061
008 160829s1972 xx 000 0 cat d
080 |a A-2-55 
100 |a Leisinger, Albert H.  |9 32989 
245 |a Microfotografía para archivos / Albert H. Leisinger, jr. ; versión española de María del Carmen Guzmán 
260 |a Madrid :  |b Dirección General de Archivos y Bibliotecas, Servicio Nacional de Microfilm,  |c 1972 
300 |a 82 p., [20] p. de làm. ;  |c 19 cm 
650 |a Arxius   |9 32990 
650 |a Reprografia   |9 36552 
650 |a Microfotografia  |9 36553 
700 |a Guzmán, María del Carmen   |9 36554 
700 |a Espanya. Servicio Nacional de Microfilm  |9 36555 
901 |a Arxiu 
942 |n 1 
952 |0 0  |1 0  |4 0  |6 A255  |7 1  |9 47361  |a Arxiu  |b Arxiu  |d 2016-12-01  |l 0  |o A-2-55  |p 8061  |r 2016-12-01 00:00:00  |w 2016-12-01  |y ARXIU 
999 |c 51159  |d 51159